000
00325 a2200133 4500
005
20250403093911.0
020
_a
7121-1910-8
082
_a
519 HAR
100
_a
HARPER, W . M.
245
_a
Statistics
260
_a
London,
_b
McDonald,
_c
1965.
300
_a
xv, 293p.: ill.; figure, table
_b
index
_c
18cm
942
_2
ddc
_c
BKS
999
_c
1056
_d
1056